| 000 | 00354 a2200109 4500 | ||
|---|---|---|---|
| 001 | ART_39661 | ||
| 005 | 20260410162012.0 | ||
| 008 | 260409a | ||
| 245 | 1 | 0 | _aÉtica y educación superior |
| 100 | 1 | _aBasanta, Elisa Marta | |
| 773 | 0 |
_tPropuestas para la sociedad, el gobierno y la producción _g- Año 5, Nº 9 (nov. 2001) _wREV39547 |
|
| 999 |
_c32289 _d32289 |
||